000 00616nam a22001937a 4500
005 20180620110615.0
010 _aENG-123251
020 _a9788124116692
_c225.00
035 _aEN-106783
037 _bDBAD/PUB
082 _a954.02
100 _aChandra, Satish
245 _aSocial change and development in medieval indian history /
_cby Satish Chandra
260 _aNew Delhi
_bHar-Anand Publications
_c2012 (repr)
270 _aE-49/3, Okhla Industrial area, Phase-II,
_bNew Delhi
_e110020
300 _a204p.
_c20cm(pbk)
500 _ait includes index
942 _2ddc
_cEN
_mCHA
_h954.02
999 _c152836
_d152836